00679nam a22001812 4500001001100000005001700011008004100028020002600069040001500095245014400110260004600254300001800300650004200318650004100360700003500401700003000436700003100466000000908220151021151121.0080824s xx 000 0 eng d a0979223709 :c$ 39.95 aKABUcKABU10aPsychology & christianity intergration :bseminal works that shaped the movement /ced. by Daryl H. Stevenson, Brian E. Eck, Peter C. Hill. aBatavia, IL :bCAPS international,c2007. aviii, 386 p. 0aChristianityxPsychology.@0000159865 0aPsychology and religion.@00001600551 aStevenson Daryl H.@00001600561 aEck, Brian E.@00001600571 aHill, Peter C.@0000160058